International Rubber conference, 1975, Kuala Lumpur, Malaysia, Proceedings. V 1 (Record no. 43340)

MARC details
000 -LEADER
fixed length control field 00430nam a2200145Ia 4500
082 ## - DEWEY DECIMAL CLASSIFICATION NUMBER
Classification number NR:063RG`1975'
Item number RRM.1;1
245 #0 - TITLE STATEMENT
Title International Rubber conference, 1975, Kuala Lumpur, Malaysia, Proceedings. V 1
260 ## - PUBLICATION, DISTRIBUTION, ETC. (IMPRINT)
Place of publication Kuala Lumpur
Name of publisher RRIM
Year of publication 1975
650 ## - SUBJECT ADDED ENTRY--TOPICAL TERM
Topical Term Plant breeding
650 ## - SUBJECT ADDED ENTRY--TOPICAL TERM
Topical Term Plant vacuoles
650 ## - SUBJECT ADDED ENTRY--TOPICAL TERM
Topical Term Rubber industry
650 ## - SUBJECT ADDED ENTRY--TOPICAL TERM
Topical Term Synthetic rubbe
942 ## - ADDED ENTRY ELEMENTS (KOHA)
Koha item type Books
Holdings
Withdrawn status Lost status Damaged status Not for loan Home library Current library Date acquired Source of acquisition Full call number Accession Number Koha item type
        RRII Library RRII Library 16/12/2021 Gift NR:063RG`1975' RRM.1;1 G00062 Books